000 00379nam a2200145Ia 4500
008 100122s9999 xx 000 0 und d
082 _b60932
_a823
100 _aआचार्य नयना
245 _aझाकोळ
260 _bगीता एजन्सीज
_c2001
300 _a152
630 _aझाकोळ
730 _aझाकोळ
942 _cBOOK
999 _c435897
_d435894